00868 2200241 4500001002100000005001500021035002000036007000300056008004100059020001800100082001200118084001800130100001600148245006400164250002800228260003400256300002600290856000600316500009200322650004000414520016100454990001100615INLIS00000000000920420260417022741 a0010-0126000063ta260417 g 0 ind  a979-8219-15-5 a620.103 a620.103 HEI m0 aHeinz Frick1 aMekanika Teknik 2 :bstatika dan kegunaannya /cHeinz Frick aEdisi 5, Cetakan Kelima aYogyakarta :bKanisius,c2019 a533 ;c14,5 x 20,5 cm a- aPenulis merupakan Dosen Jurusan Teknik Geologi Fakultas Teknik Universitas Gadjah Mada. 4aGeologi Teknik; Engineering Geology aBuku ini membahas prinsip dasar geologi yang diaplikasikan dalam kepentingan teknik sipil, mencakup sifat fisik batuan dan tanah untuk keperluan konstruksi. a202633